[Event "17. European Women's Championship 2016"]
[Site "Mamaia ROU"]
[Date "2016.06.04"]
[Round "8.5"]
[White "Osmak, Iulija"]
[Black "Bodnaruk, Anastasia"]
[Result "0-1"]
[WhiteElo "2345"]
[BlackElo "2475"]
[PlyCount "130"]
[EventDate "2016.05.27"]
[EventType "swiss"]
[EventRounds "11"]
[EventCountry "ROU"]
[Source "lmi"]
[SourceDate "2016.05.26"]

1. e4 c5 2. Nf3 d6 3. d4 cxd4 4. Nxd4 Nf6 5. Nc3 a6 6. h3 Nc6 7. Nde2 g6 8. g3
Bg7 9. Bg2 O-O 10. O-O Rb8 11. a4 e6 12. Bf4 Ne5 13. b3 b5 14. axb5 axb5 15.
Qd2 Qc7 16. Rad1 b4 17. Na2 d5 18. Bxe5 Qxe5 19. Nxb4 Nxe4 20. Qe1 Nc3 21. Qxc3
Qxc3 22. Nxc3 Rxb4 23. Na2 Rb6 24. Rfe1 Ba6 25. Bf1 Bxf1 26. Kxf1 Ra8 27. Nc1
Rc6 28. c4 dxc4 29. bxc4 Rxc4 30. Nd3 Ra2 31. Re2 Ra5 32. Nf4 Be5 33. Ng2 Bd4
34. Ne3 Rca4 35. Nc2 Bf6 36. Ne3 h5 37. h4 Bd4 38. Nc2 Ba7 39. Ne3 Kg7 40. Nc2
Rf5 41. Ne3 Re5 42. Rde1 Rae4 43. Nc4 Rxe2 44. Rxe2 Rc5 45. Nd6 Rc6 46. Ne8+
Kf8 47. Nf6 Bd4 48. Nd7+ Ke7 49. Ne5 Ra6 50. Nf3 Ba1 51. Ng5 f6 52. Ne4 e5 53.
Rc2 f5 54. Nd2 Kd6 55. Nc4+ Kd5 56. Ne3+ Ke6 57. Rc8 Bd4 58. Rc2 f4 59. gxf4
exf4 60. Ng2 f3 61. Ne1 Ra1 62. Rc8 Kf5 63. Rc6 Bf6 64. Rc4 Bd8 65. Rc3 Rxe1+
0-1

[Event "17. European Women's Championship 2016"]
[Site "Mamaia ROU"]
[Date "2016.06.04"]
[Round "8.6"]
[White "Socko, Monika"]
[Black "Arakhamia-Grant, Ketevan"]
[Result "1-0"]
[WhiteElo "2469"]
[BlackElo "2364"]
[PlyCount "101"]
[EventDate "2016.05.27"]
[EventType "swiss"]
[EventRounds "11"]
[EventCountry "ROU"]
[Source "lmi"]
[SourceDate "2016.05.26"]

1. d4 Nf6 2. c4 g6 3. Nc3 Bg7 4. e4 d6 5. Nf3 O-O 6. Be2 e5 7. O-O Nc6 8. dxe5
dxe5 9. Bg5 Qxd1 10. Rfxd1 Bg4 11. h3 Bxf3 12. Bxf3 Nd4 13. Nd5 Nxd5 14. cxd5
f5 15. Rac1 Rf7 16. Kf1 Bf8 17. Be3 Nxf3 18. gxf3 Bd6 19. Rd3 b6 20. Ke2 Raf8
21. Rg1 Kg7 22. Rc3 h6 23. Rc4 Kh7 24. Ra4 a5 25. Rc4 Rf6 26. Rc6 R8f7 27. a3
Rf8 28. Rg2 R8f7 29. h4 Rf8 30. Rh2 Kg7 31. Rh3 Rb8 32. Kd3 Kh7 33. Rh1 Rbf8
34. Rhc1 R8f7 35. Kc4 fxe4 36. fxe4 Rxf2 37. Bxf2 Rxf2 38. Rxd6 cxd6 39. Kb5 g5
40. Kc6 Kg6 41. hxg5 hxg5 42. Kxd6 Kf6 43. Rc8 Rxb2 44. Rf8+ Kg7 45. Rf5 Kg6
46. Ke7 g4 47. d6 g3 48. d7 Rd2 49. Rf6+ Kh7 50. Rf3 g2 51. Rg3 1-0

[Event "17. European Women's Championship 2016"]
[Site "Mamaia ROU"]
[Date "2016.06.04"]
[Round "8.7"]
[White "Mkrtchian, Lilit"]
[Black "Foisor, Cristina-Adela"]
[Result "1/2-1/2"]
[WhiteElo "2434"]
[BlackElo "2322"]
[PlyCount "41"]
[EventDate "2016.05.27"]
[EventType "swiss"]
[EventRounds "11"]
[EventCountry "ROU"]
[Source "lmi"]
[SourceDate "2016.05.26"]

1. d4 Nf6 2. c4 g6 3. Nc3 Bg7 4. e4 d6 5. Nf3 O-O 6. Be2 c5 7. O-O cxd4 8. Nxd4
Nc6 9. Be3 Bd7 10. h3 Nxd4 11. Bxd4 Bc6 12. Qc2 a5 13. Rad1 Nd7 14. Bxg7 Kxg7
15. Bg4 b6 16. Qd2 Nc5 17. Qd4+ f6 18. Rfe1 Qb8 19. Nd5 Qb7 20. h4 Rad8 21. Bh3
1/2-1/2

[Event "17. European Women's Championship 2016"]
[Site "Mamaia ROU"]
[Date "2016.06.04"]
[Round "8.8"]
[White "Gara, Anita"]
[Black "Gaponenko, Inna"]
[Result "0-1"]
[WhiteElo "2345"]
[BlackElo "2415"]
[PlyCount "106"]
[EventDate "2016.05.27"]
[EventType "swiss"]
[EventRounds "11"]
[EventCountry "ROU"]
[Source "lmi"]
[SourceDate "2016.05.26"]

1. e4 c5 2. Nf3 e6 3. g3 b6 4. Bg2 Bb7 5. Nc3 a6 6. d4 cxd4 7. Nxd4 d6 8. O-O
Qc7 9. Re1 Be7 10. Qg4 Bf6 11. e5 dxe5 12. Ndb5 axb5 13. Nxb5 Qd7 14. Bxb7 Ra5
15. a4 Rxb5 16. axb5 Qxb7 17. Qe4 Qxe4 18. Rxe4 Ne7 19. Ra7 Nf5 20. Rb7 Nd7 21.
Ra4 Ke7 22. Raa7 Rd8 23. Rxb6 Ke8 24. Rba6 Nd4 25. Be3 Nxc2 26. Ra8 Nxe3 27.
fxe3 Rxa8 28. Rxa8+ Bd8 29. Kf1 e4 30. Ke2 Ke7 31. Kd2 h5 32. Ra4 f5 33. Ra8
Bb6 34. Rg8 Kf7 35. Rc8 Nf6 36. Rc6 Nd5 37. Ke2 Bxe3 38. h4 Bb6 39. Rd6 Ke7 40.
Rc6 Kd7 41. Rc4 Nc7 42. Ra4 Nxb5 43. Ra8 Bd8 44. Rb8 Nd4+ 45. Ke3 Nc6 46. Ra8
g5 47. b4 Nxb4 48. Ra7+ Kd6 49. Rh7 gxh4 50. gxh4 Bxh4 51. Rxh5 Nd5+ 52. Kd4
Bf2+ 53. Kc4 e3 0-1

[Event "17. European Women's Championship 2016"]
[Site "Mamaia ROU"]
[Date "2016.06.04"]
[Round "8.9"]
[White "Zimina, Olga"]
[Black "Javakhishvili, Lela"]
[Result "0-1"]
[WhiteElo "2361"]
[BlackElo "2493"]
[PlyCount "118"]
[EventDate "2016.05.27"]
[EventType "swiss"]
[EventRounds "11"]
[EventCountry "ROU"]
[Source "lmi"]
[SourceDate "2016.05.26"]

1. Nf3 c5 2. c4 Nc6 3. Nc3 Nf6 4. d4 cxd4 5. Nxd4 e6 6. a3 Bc5 7. Nf3 Be7 8. e4
d6 9. Be2 b6 10. Bf4 Bb7 11. Qd2 Na5 12. Rd1 e5 13. Bg5 Nxe4 14. Nxe4 Bxe4 15.
Bxe7 Qxe7 16. Qxd6 Qxd6 17. Rxd6 Ke7 18. Rd1 Bxf3 19. Bxf3 Rac8 20. O-O Nxc4
21. b3 Na5 22. Rfe1 f6 23. Bg4 Rc7 24. f4 Rd8 25. fxe5 Rxd1 26. Bxd1 f5 27. b4
Nc4 28. a4 Nb2 29. Bb3 Nd3 30. Rf1 g6 31. g4 f4 32. g5 Rc3 33. Bg8 Rc8 34. Bb3
Rf8 35. e6 Rc8 36. Bd1 Rc1 37. Kg2 Nxb4 38. Rxf4 Nd5 39. Rf7+ Kxe6 40. Rxh7
Rxd1 41. Rxa7 Ra1 42. h4 Kf5 43. Kf3 Ra3+ 44. Kf2 Kg4 45. Rg7 Nf4 46. Rb7 Rb3
47. Ke1 Kxh4 48. a5 Kxg5 49. a6 Nd3+ 50. Kd2 Nc5 51. a7 Ra3 52. Rc7 Ne4+ 53.
Kc2 Nd6 54. Kb2 Nb5 55. Rd7 Rxa7 56. Rd5+ Kh4 57. Rxb5 g5 58. Kc3 Rd7 59. Rxb6
g4 0-1

[Event "17. European Women's Championship 2016"]
[Site "Mamaia ROU"]
[Date "2016.06.04"]
[Round "8.10"]
[White "Zawadzka, Jolanta"]
[Black "Bulmaga, Irina"]
[Result "1-0"]
[WhiteElo "2442"]
[BlackElo "2360"]
[PlyCount "156"]
[EventDate "2016.05.27"]
[EventType "swiss"]
[EventRounds "11"]
[EventCountry "ROU"]
[Source "lmi"]
[SourceDate "2016.05.26"]

1. e4 c5 2. Nf3 d6 3. Bb5+ Nd7 4. d4 cxd4 5. Qxd4 a6 6. Bxd7+ Bxd7 7. Nc3 Nf6
8. Bg5 e6 9. e5 dxe5 10. Nxe5 Be7 11. O-O-O Bc6 12. Nxc6 bxc6 13. Bxf6 Bxf6 14.
Qc5 Qc7 15. Ne4 Qf4+ 16. Nd2 Rc8 17. Rhe1 Be7 18. Qa7 Bf6 19. Re4 Qxh2 20. Qxa6
O-O 21. Qf1 Rb8 22. Nc4 Rb5 23. b3 Rd5 24. Ne3 Rxd1+ 25. Qxd1 Rd8 26. Qe1 Qc7
27. g3 h5 28. Nc4 Qe7 29. f3 g5 30. a4 Qc5 31. Kb1 h4 32. gxh4 gxh4 33. Ka2 Rd5
34. Rg4+ Kf8 35. Qc1 Qf2 36. Rg1 Qxf3 37. Qh6+ Ke7 38. Rg8 Bc3 39. Qf8+ Kf6 40.
Qh6+ Ke7 41. Qxh4+ Qf6 42. Qg3 Be5 43. Nxe5 Rxe5 44. Qc3 Qf5 45. Qxc6 Rc5 46.
Qe8+ Kd6 47. Qd8+ Kc6 48. Qa8+ Kd7 49. Qa7+ Rc7 50. Qd4+ Kc6 51. Kb2 Qc5 52.
Qe4+ Qd5 53. Qe2 Kd7 54. Rg3 Ke7 55. Rd3 Qc5 56. Qd2 Qe5+ 57. c3 Rc5 58. Rd7+
Kf8 59. Qd4 Qh2+ 60. Ka3 Re5 61. b4 Qe2 62. Qh4 Kg7 63. Qg3+ Kf6 64. Qf4+ Rf5
65. Qh6+ Ke5 66. Qg7+ Ke4 67. Rd4+ Kf3 68. Qg4+ Kf2 69. Qh4+ Kf3 70. Qh3+ Kf2
71. Qh2+ Kf3 72. Qxe2+ Kxe2 73. a5 Rf1 74. Kb2 f5 75. a6 Rh1 76. a7 Rh8 77. b5
e5 78. Rd5 Re8 1-0

[Event "17. European Women's Championship 2016"]
[Site "Mamaia ROU"]
[Date "2016.06.04"]
[Round "8.11"]
[White "Szczepkowska-Horowska, Karina"]
[Black "Gara, Ticia"]
[Result "1-0"]
[WhiteElo "2411"]
[BlackElo "2352"]
[PlyCount "85"]
[EventDate "2016.05.27"]
[EventType "swiss"]
[EventRounds "11"]
[EventCountry "ROU"]
[Source "lmi"]
[SourceDate "2016.05.26"]

1. d4 Nf6 2. c4 e6 3. Nf3 b6 4. g3 Ba6 5. b3 Bb4+ 6. Bd2 Be7 7. Nc3 c6 8. e4 d5
9. e5 Ne4 10. Bd3 Nxc3 11. Bxc3 dxc4 12. bxc4 Nd7 13. O-O Bb7 14. Be4 O-O 15.
Nd2 Qc7 16. Qe2 Rad8 17. f4 f5 18. exf6 Bxf6 19. Nf3 Rde8 20. Ng5 Bxg5 21. fxg5
c5 22. Rxf8+ Nxf8 23. d5 Qd8 24. Qh5 g6 25. Qh6 e5 26. Rf1 Ba6 27. Bd3 Qe7 28.
Re1 Qc7 29. Qh4 Bc8 30. Rf1 Qd7 31. Qe4 Qe7 32. Qe3 Bg4 33. Be4 Nd7 34. Re1 Nf8
35. d6 Qxd6 36. Bd5+ Be6 37. Bxe5 Qd7 38. Bb2 Re7 39. Qc3 Kf7 40. Qf3+ Kg8 41.
Qf6 b5 42. Qh8+ Kf7 43. Rf1+ 1-0

[Event "17. European Women's Championship 2016"]
[Site "Mamaia ROU"]
[Date "2016.06.04"]
[Round "8.12"]
[White "Khukhashvili, Sopiko"]
[Black "Khurtsidze, Nino"]
[Result "1-0"]
[WhiteElo "2355"]
[BlackElo "2409"]
[PlyCount "77"]
[EventDate "2016.05.27"]
[EventType "swiss"]
[EventRounds "11"]
[EventCountry "ROU"]
[Source "lmi"]
[SourceDate "2016.05.26"]

1. d4 Nf6 2. Nf3 e6 3. Bf4 c5 4. e3 b6 5. Bd3 Be7 6. h3 Ba6 7. Bxa6 Nxa6 8. c3
O-O 9. Nbd2 cxd4 10. exd4 Nc7 11. O-O Ncd5 12. Bh2 b5 13. Ne5 Nb6 14. Qe2 a6
15. f4 d6 16. Ng4 Qd7 17. Nxf6+ Bxf6 18. Ne4 Be7 19. Rae1 Rfe8 20. Qh5 g6 21.
Qf3 Rac8 22. Re2 d5 23. Nf2 b4 24. cxb4 Bxb4 25. Ng4 Be7 26. b3 Qc6 27. Kh1 h5
28. Ne5 Qc3 29. Re3 Qxd4 30. Bg1 Bf6 31. f5 exf5 32. Nd7 Qb2 33. Nxb6 Rxe3 34.
Bxe3 Rc2 35. Nxd5 Bg7 36. Ne7+ Kf8 37. Bg5 f6 38. Re1 fxg5 39. Qa8+ 1-0

[Event "17. European Women's Championship 2016"]
[Site "Mamaia ROU"]
[Date "2016.06.04"]
[Round "8.13"]
[White "Melia, Salome"]
[Black "Lazarne Vajda, Szidonia"]
[Result "1/2-1/2"]
[WhiteElo "2409"]
[BlackElo "2345"]
[PlyCount "53"]
[EventDate "2016.05.27"]
[EventType "swiss"]
[EventRounds "11"]
[EventCountry "ROU"]
[Source "lmi"]
[SourceDate "2016.05.26"]

1. e4 e5 2. Nf3 Nc6 3. Bc4 Bc5 4. c3 Nf6 5. d3 a6 6. O-O Ba7 7. Nbd2 O-O 8. h3
d6 9. Bb3 Ne7 10. Re1 Ng6 11. Nf1 h6 12. d4 c6 13. Ng3 Re8 14. Bc2 Be6 15. Be3
b5 16. a4 Qc7 17. Qd2 c5 18. d5 Bc8 19. axb5 axb5 20. Ra2 c4 21. Rea1 Bxe3 22.
Qxe3 Rxa2 23. Rxa2 Nf4 24. Ne2 Nxe2+ 25. Qxe2 Nd7 26. Nd2 Nc5 27. Nf1 1/2-1/2

[Event "17. European Women's Championship 2016"]
[Site "Mamaia ROU"]
[Date "2016.06.04"]
[Round "8.14"]
[White "Brunello, Marina"]
[Black "Atalik, Ekaterina"]
[Result "0-1"]
[WhiteElo "2336"]
[BlackElo "2408"]
[PlyCount "28"]
[EventDate "2016.05.27"]
[EventType "swiss"]
[EventRounds "11"]
[EventCountry "ROU"]
[Source "lmi"]
[SourceDate "2016.05.26"]

1. e4 c6 2. c4 d5 3. exd5 cxd5 4. cxd5 Nf6 5. Qa4+ Nbd7 6. Nc3 g6 7. Bc4 Bg7 8.
Nf3 O-O 9. d3 a6 10. O-O b5 11. Qd1 bxc4 12. dxc4 Nb6 13. Qe2 Qc7 14. Nd2 e6
0-1

[Event "17. European Women's Championship 2016"]
[Site "Mamaia ROU"]
[Date "2016.06.04"]
[Round "8.15"]
[White "Daulyte, Deimante"]
[Black "Mammadova, Gulnar"]
[Result "1-0"]
[WhiteElo "2392"]
[BlackElo "2319"]
[PlyCount "75"]
[EventDate "2016.05.27"]
[EventType "swiss"]
[EventRounds "11"]
[EventCountry "ROU"]
[Source "lmi"]
[SourceDate "2016.05.26"]

1. e4 e6 2. d4 d5 3. Nd2 Nf6 4. e5 Nfd7 5. Bd3 c5 6. c3 Nc6 7. Ne2 cxd4 8. cxd4
f6 9. exf6 Nxf6 10. O-O Bd6 11. Nf3 Qc7 12. Nc3 a6 13. h3 O-O 14. Re1 Bd7 15.
Bd2 Rae8 16. Rc1 Qb8 17. a3 e5 18. Nxd5 Nxd5 19. Bc4 Be6 20. Ng5 Qc8 21. Qb3
Nce7 22. Qd3 Bf5 23. Bxd5+ Nxd5 24. Qb3 Qd7 25. Qxd5+ Kh8 26. dxe5 Rxe5 27.
Rxe5 Bxe5 28. Qxe5 Qxd2 29. Qc5 Qd8 30. Qe3 Qf6 31. Rc3 h6 32. Nf3 Rd8 33. Ne5
Kh7 34. Rc7 Rd5 35. f4 b5 36. Kh2 a5 37. Qg3 Rd2 38. Rf7 1-0

[Event "17. European Women's Championship 2016"]
[Site "Mamaia ROU"]
[Date "2016.06.04"]
[Round "8.16"]
[White "Arabidze, Meri"]
[Black "Kursova, Maria"]
[Result "1/2-1/2"]
[WhiteElo "2363"]
[BlackElo "2319"]
[PlyCount "156"]
[EventDate "2016.05.27"]
[EventType "swiss"]
[EventRounds "11"]
[EventCountry "ROU"]
[Source "lmi"]
[SourceDate "2016.05.26"]

1. d4 Nf6 2. Bg5 e6 3. e4 h6 4. Bxf6 Qxf6 5. c3 d5 6. Bd3 dxe4 7. Bxe4 Nd7 8.
Nf3 c5 9. O-O Be7 10. Na3 O-O 11. Nc4 Qf4 12. Bc2 Qc7 13. Qd3 Nf6 14. Nce5 Rd8
15. g4 cxd4 16. cxd4 Bd7 17. Rfc1 Qb6 18. h4 Bb5 19. Qe3 Be8 20. g5 Nd5 21. Qd3
g6 22. gxh6 Bf8 23. h7+ Kxh7 24. h5 Nf4 25. hxg6+ fxg6 26. Qe4 Bh6 27. Kh2 Bc6
28. Nxc6 Qxc6 29. Qxc6 bxc6 30. Be4 Rac8 31. Rxc6 Rxc6 32. Bxc6 Nd3 33. Kg2
Nxb2 34. Rb1 Rc8 35. Rxb2 Rxc6 36. Rb7+ Bg7 37. Rxa7 Kh6 38. Ra4 Bf6 39. Kg3 g5
40. Nd2 Rc3+ 41. Kg4 Kg6 42. Nf3 Rc2 43. Kg3 Rc3 44. Ra5 Bxd4 45. Rxg5+ Kf6 46.
Rb5 Bxf2+ 47. Kxf2 Rc2+ 48. Ke3 Rxa2 49. Nd4 Ra1 50. Rb6 Re1+ 51. Kf4 Rf1+ 52.
Nf3 Ra1 53. Ke4 Rd1 54. Rb2 Ra1 55. Rf2 Ra4+ 56. Nd4+ Ke7 57. Rh2 Ra1 58. Re2
Rh1 59. Kd3 Kd6 60. Nxe6 Rd1+ 61. Kc2 Ra1 62. Kb2 Rd1 63. Ng5 Rh1 64. Kc3 Rh4
65. Rd2+ Kc6 66. Ne6 Rg4 67. Rd8 Rh4 68. Kd3 Rg4 69. Ke3 Rh4 70. Rg8 Kd6 71.
Nf4 Rh1 72. Kd4 Rd1+ 73. Nd3 Rd2 74. Rg6+ Ke7 75. Ke4 Re2+ 76. Kf5 Rh2 77. Nf4
Rh1 78. Nd5+ Kd7 1/2-1/2

[Event "17. European Women's Championship 2016"]
[Site "Mamaia ROU"]
[Date "2016.06.04"]
[Round "8.17"]
[White "Kiolbasa, Oliwia"]
[Black "Nechaeva, Marina"]
[Result "0-1"]
[WhiteElo "2319"]
[BlackElo "2416"]
[PlyCount "92"]
[EventDate "2016.05.27"]
[EventType "swiss"]
[EventRounds "11"]
[EventCountry "ROU"]
[Source "lmi"]
[SourceDate "2016.05.26"]

1. e4 c6 2. d4 d5 3. Nc3 dxe4 4. Nxe4 Bf5 5. Ng3 Bg6 6. h4 h6 7. Nf3 Nd7 8. h5
Bh7 9. Bd3 Bxd3 10. Qxd3 e6 11. Bd2 Ngf6 12. O-O-O Be7 13. Kb1 Qb6 14. Rhe1 O-O
15. Nf5 exf5 16. Rxe7 Qd8 17. Re2 Ne4 18. Bc1 Re8 19. Rde1 Ndf6 20. Nd2 Qd7 21.
f3 Ng3 22. Rxe8+ Rxe8 23. Rxe8+ Qxe8 24. Nc4 Qe6 25. a3 Nfxh5 26. Be3 f4 27.
Bd2 g5 28. a4 Ng7 29. a5 N7f5 30. a6 bxa6 31. Na5 Nh4 32. Qxa6 Nxg2 33. Nxc6
Nh4 34. d5 Qd7 35. Qd3 Nhf5 36. Bc3 h5 37. Qb5 Kh7 38. Qb8 Ng7 39. Qe5 N3f5 40.
Qf6 Qxd5 41. Nd8 Kg8 42. Qxg5 Qxf3 43. Qf6 Qd1+ 44. Ka2 Qd5+ 45. b3 f3 46. Nc6
Qd6 0-1

[Event "17. European Women's Championship 2016"]
[Site "Mamaia ROU"]
[Date "2016.06.04"]
[Round "8.18"]
[White "Pustovoitova, Daria"]
[Black "Ziaziulkina, Nastassia"]
[Result "1/2-1/2"]
[WhiteElo "2304"]
[BlackElo "2396"]
[PlyCount "50"]
[EventDate "2016.05.27"]
[EventType "swiss"]
[EventRounds "11"]
[EventCountry "ROU"]
[Source "lmi"]
[SourceDate "2016.05.26"]

1. d4 d5 2. c4 c6 3. Nf3 Nf6 4. Nc3 e6 5. e3 Nbd7 6. Qc2 Bd6 7. Bd3 O-O 8. O-O
dxc4 9. Bxc4 b5 10. Be2 Bb7 11. e4 e5 12. Rd1 Qc7 13. Bg5 exd4 14. Rxd4 Ne5 15.
Bxf6 gxf6 16. g3 Bc5 17. Rd2 Rad8 18. Nh4 Bc8 19. a3 Qb6 20. Rf1 Bh3 21. Ng2
Bd4 22. Bh5 Nc4 23. Rd3 Ne5 24. Rd2 Nc4 25. Rd3 Ne5 1/2-1/2

[Event "17. European Women's Championship 2016"]
[Site "Mamaia ROU"]
[Date "2016.06.04"]
[Round "8.19"]
[White "Houska, Jovanka"]
[Black "Hoolt, Sarah"]
[Result "1/2-1/2"]
[WhiteElo "2383"]
[BlackElo "2312"]
[PlyCount "71"]
[EventDate "2016.05.27"]
[EventType "swiss"]
[EventRounds "11"]
[EventCountry "ROU"]
[Source "lmi"]
[SourceDate "2016.05.26"]

1. d4 Nf6 2. Nf3 d6 3. c4 Nbd7 4. Nc3 e5 5. e4 Be7 6. Be2 c6 7. O-O O-O 8. Be3
a6 9. d5 cxd5 10. cxd5 b5 11. Nd2 Nb6 12. a3 Bd7 13. Rc1 Rc8 14. b4 Ne8 15. Nb3
Bg5 16. Qd2 Bxe3 17. Qxe3 f5 18. exf5 Nc4 19. Bxc4 bxc4 20. Na5 Qh4 21. Qe4 Qg5
22. Nc6 Bxf5 23. Qe3 Qh4 24. g3 Qf6 25. Ne4 Qf7 26. f4 Rc7 27. Rcd1 Qg6 28.
Nxd6 Nxd6 29. fxe5 Ne4 30. e6 Ng5 31. h4 Nxe6 32. Ne5 Qe8 33. dxe6 Qxe6 34. g4
Re7 35. gxf5 Qxe5 36. Qxe5 1/2-1/2

[Event "17. European Women's Championship 2016"]
[Site "Mamaia ROU"]
[Date "2016.06.04"]
[Round "8.20"]
[White "Styazhkina, Anna"]
[Black "Lomineishvili, Maia"]
[Result "1-0"]
[WhiteElo "2302"]
[BlackElo "2367"]
[PlyCount "85"]
[EventDate "2016.05.27"]
[EventType "swiss"]
[EventRounds "11"]
[EventCountry "ROU"]
[Source "lmi"]
[SourceDate "2016.05.26"]

1. e4 c5 2. Nf3 Nc6 3. d4 cxd4 4. Nxd4 g6 5. c4 Bg7 6. Be3 Nf6 7. Nc3 d6 8. Be2
O-O 9. O-O Bd7 10. Qd2 Nxd4 11. Bxd4 Bc6 12. Bd3 a5 13. b3 Nd7 14. Bxg7 Kxg7
15. Rae1 Nc5 16. Bc2 Rb8 17. Re3 Bd7 18. f4 f6 19. Qe2 Qe8 20. Rd1 Bc6 21. a3
b5 22. e5 dxe5 23. fxe5 f5 24. Nd5 Ne6 25. Qd2 bxc4 26. bxc4 a4 27. Rh3 f4 28.
Rf1 Rd8 29. Rd3 Nc5 30. Nxf4 Rxd3 31. Bxd3 Qd7 32. Qf2 Rxf4 33. Qxf4 Ne6 34.
Qe3 Qb7 35. Qf2 Be8 36. h3 Qb3 37. Be2 g5 38. Bg4 Nf4 39. Qc5 Kf8 40. e6 Qc2
41. Rf2 Qg6 42. g3 h5 43. Bf5 1-0

[Event "17. European Women's Championship 2016"]
[Site "Mamaia ROU"]
[Date "2016.06.04"]
[Round "8.21"]
[White "Osmanodja, Filiz"]
[Black "Charochkina, Daria"]
[Result "0-1"]
[WhiteElo "2296"]
[BlackElo "2362"]
[PlyCount "156"]
[EventDate "2016.05.27"]
[EventType "swiss"]
[EventRounds "11"]
[EventCountry "ROU"]
[Source "lmi"]
[SourceDate "2016.05.26"]

1. e4 c5 2. Nf3 d6 3. d4 cxd4 4. Nxd4 Nf6 5. Nc3 a6 6. Be3 e6 7. Be2 Qc7 8. a4
Nc6 9. O-O Be7 10. f4 O-O 11. Kh1 Na5 12. Qe1 Bd7 13. Qg3 Nc4 14. Bc1 Rac8 15.
b3 e5 16. bxc4 exd4 17. Nd5 Nxd5 18. exd5 b5 19. f5 Bf6 20. Bf4 Rfe8 21. Bxd6
Qb7 22. Bf3 Rxc4 23. axb5 Bxb5 24. Rfe1 Rxc2 25. Rxe8+ Bxe8 26. Be5 Bxe5 27.
Qxe5 Qc8 28. Re1 Rc1 29. Bd1 Bd7 30. f6 h6 31. Qxd4 Qc3 32. Qxc3 Rxc3 33. Kg1
gxf6 34. Re7 Bb5 35. Bh5 Rc1+ 36. Kf2 Rc2+ 37. Kg3 Bf1 38. Re8+ Kg7 39. Bf3 Rd2
40. Ra8 Bb5 41. Ra7 f5 42. Rb7 Rd4 43. Rb6 Bd3 44. Kf2 f4 45. Be2 Be4 46. Bf3
f5 47. Rxa6 Rd2+ 48. Ke1 Rxd5 49. Ra4 Kf6 50. Ra6+ Kg5 51. h4+ Kxh4 52. Rxh6+
Kg5 53. Rh8 Ra5 54. Rg8+ Kf6 55. Re8 Ra1+ 56. Kf2 Ra2+ 57. Kg1 Ra1+ 58. Kh2 Re1
59. Rb8 Re3 60. Rb6+ Kg5 61. Bd1 Rd3 62. Bc2 Rd2 63. Bxe4 fxe4 64. Kg1 Rd1+ 65.
Kf2 e3+ 66. Ke2 Rd2+ 67. Kf1 Kf5 68. Rb8 Ke4 69. Re8+ Kd3 70. Rd8+ Kc2 71. Ra8
Rd1+ 72. Ke2 Rd2+ 73. Ke1 Kc3 74. Rc8+ Kb4 75. Rb8+ Ka3 76. Ra8+ Kb2 77. Ra4
Rf2 78. Rc4 Kb3 0-1

[Event "17. European Women's Championship 2016"]
[Site "Mamaia ROU"]
[Date "2016.06.04"]
[Round "8.22"]
[White "Unuk, Laura"]
[Black "Matnadze, Ana"]
[Result "0-1"]
[WhiteElo "2246"]
[BlackElo "2332"]
[PlyCount "72"]
[EventDate "2016.05.27"]
[EventType "swiss"]
[EventRounds "11"]
[EventCountry "ROU"]
[Source "lmi"]
[SourceDate "2016.05.26"]

1. d4 Nf6 2. c4 e6 3. Nf3 d5 4. g3 Bb4+ 5. Bd2 Be7 6. Bg2 O-O 7. Qc2 c6 8. O-O
Ne4 9. Bf4 Nd7 10. Rd1 g5 11. Bc1 f5 12. Nc3 Bf6 13. Ne5 Qe7 14. Nxd7 Bxd7 15.
f3 Nd6 16. c5 Nf7 17. Be3 e5 18. Qd2 Rae8 19. Bf2 e4 20. fxe4 fxe4 21. Be3 Nh6
22. h4 Nf7 23. hxg5 Nxg5 24. Rf1 Ne6 25. Kh2 Qf7 26. Bh3 Qh5 27. g4 Qg6 28. Rg1
Ng5 29. Rg3 Bd8 30. Nd1 Nxh3 31. Kxh3 Bc7 32. Nf2 Rxf2 33. Bxf2 Bxg3 34. Kxg3
Qxg4+ 35. Kh2 Qh3+ 36. Kg1 e3 0-1

[Event "17. European Women's Championship 2016"]
[Site "Mamaia ROU"]
[Date "2016.06.04"]
[Round "8.23"]
[White "Batsiashvili, Nino"]
[Black "Sedina, Elena"]
[Result "1-0"]
[WhiteElo "2476"]
[BlackElo "2287"]
[PlyCount "65"]
[EventDate "2016.05.27"]
[EventType "swiss"]
[EventRounds "11"]
[EventCountry "ROU"]
[Source "lmi"]
[SourceDate "2016.05.26"]

1. Nf3 d5 2. e3 Nf6 3. c4 c6 4. Nc3 a6 5. d4 Bf5 6. Bd2 e6 7. Nh4 Bg4 8. Qc2
Bd6 9. h3 Bh5 10. g4 Bg6 11. Nxg6 hxg6 12. g5 Nh5 13. h4 Nd7 14. O-O-O Qe7 15.
e4 dxc4 16. e5 Bc7 17. Bxc4 Nb6 18. Be2 O-O-O 19. Be3 Nd5 20. Nxd5 Rxd5 21. Rd3
Rhd8 22. Rb3 f6 23. Qxg6 fxe5 24. dxe5 Ng3 25. fxg3 Rxe5 26. Rd1 Rxd1+ 27. Bxd1
Rf5 28. Bg4 Rf1+ 29. Kc2 Bxg3 30. Qxe6+ Qxe6 31. Bxe6+ Kb8 32. Ba7+ Kxa7 33.
Rxg3 1-0

[Event "17. European Women's Championship 2016"]
[Site "Mamaia ROU"]
[Date "2016.06.04"]
[Round "8.24"]
[White "Girya, Olga"]
[Black "Galojan, Lilit"]
[Result "1-0"]
[WhiteElo "2443"]
[BlackElo "2296"]
[PlyCount "69"]
[EventDate "2016.05.27"]
[EventType "swiss"]
[EventRounds "11"]
[EventCountry "ROU"]
[Source "lmi"]
[SourceDate "2016.05.26"]

1. d4 Nf6 2. c4 e6 3. Nf3 b6 4. g3 Ba6 5. b3 Bb4+ 6. Bd2 Be7 7. Nc3 c6 8. e4 d5
9. Bd3 dxc4 10. bxc4 e5 11. O-O exd4 12. Ne2 Nfd7 13. Nexd4 Nc5 14. Bc2 Bxc4
15. Re1 O-O 16. Nf5 Be6 17. N3d4 Bxf5 18. Nxf5 Ne6 19. Bc3 Bf6 20. e5 Qxd1 21.
Raxd1 Bd8 22. Bb4 Re8 23. Be4 a5 24. Ba3 Ra6 25. Bd6 Ra8 26. f4 g6 27. Ne3 b5
28. Bxb8 Rxb8 29. Bxc6 Re7 30. Nd5 Ra7 31. Nf6+ Bxf6 32. exf6 Rc7 33. Bxb5 Rxb5
34. Rd8+ Nf8 35. Ree8 1-0

[Event "17. European Women's Championship 2016"]
[Site "Mamaia ROU"]
[Date "2016.06.04"]
[Round "8.25"]
[White "Mamedjarova, Turkan"]
[Black "Kazimova, Narmin"]
[Result "1-0"]
[WhiteElo "2257"]
[BlackElo "2364"]
[PlyCount "63"]
[EventDate "2016.05.27"]
[EventType "swiss"]
[EventRounds "11"]
[EventCountry "ROU"]
[Source "lmi"]
[SourceDate "2016.05.26"]

1. e4 e5 2. Nf3 Nc6 3. Bb5 a6 4. Ba4 d6 5. O-O Nf6 6. Bxc6+ bxc6 7. d4 Nxe4 8.
Qe2 Bf5 9. dxe5 d5 10. Nd4 Bd7 11. Nc3 Nxc3 12. bxc3 Be7 13. Qh5 Qc8 14. e6
Bxe6 15. Nxe6 Qxe6 16. Ba3 O-O 17. Rae1 Qxe1 18. Rxe1 Bxa3 19. Qg4 Bb2 20. Qb4
Rab8 21. Qc5 Rb6 22. a4 g6 23. h4 h5 24. g3 Kg7 25. Kg2 Rd8 26. Re7 Bc1 27.
Rxc7 Rb2 28. Qd4+ Kg8 29. Qd1 Bh6 30. Qf3 Rf8 31. Rxc6 Rxc2 32. Qxd5 1-0

[Event "17. European Women's Championship 2016"]
[Site "Mamaia ROU"]
[Date "2016.06.04"]
[Round "8.26"]
[White "Papp, Petra"]
[Black "Rodshtein, Tereza"]
[Result "1-0"]
[WhiteElo "2342"]
[BlackElo "2263"]
[PlyCount "115"]
[EventDate "2016.05.27"]
[EventType "swiss"]
[EventRounds "11"]
[EventCountry "ROU"]
[Source "lmi"]
[SourceDate "2016.05.26"]

1. e4 e5 2. Nf3 Nc6 3. Bb5 a6 4. Ba4 Nf6 5. O-O Nxe4 6. d4 b5 7. Bb3 d5 8. dxe5
Be6 9. Nbd2 Be7 10. c3 Nc5 11. Bc2 d4 12. Nb3 d3 13. Nxc5 dxc2 14. Qxd8+ Rxd8
15. Nxe6 fxe6 16. Be3 Rd5 17. Rfc1 Nxe5 18. Nxe5 Rxe5 19. Bd4 Rg5 20. Rxc2 Kf7
21. Be3 Re5 22. c4 b4 23. Rd1 Rd8 24. Rxd8 Bxd8 25. Kf1 Bg5 26. Bd4 Ra5 27. b3
Bf6 28. Be3 Rh5 29. h3 a5 30. Ke2 Be7 31. f4 Ke8 32. Kd3 Kd7 33. Ke4 Kc6 34.
Rf2 g6 35. Rf3 a4 36. g4 Ra5 37. Bd4 axb3 38. axb3 Ra2 39. Rf2 Ra3 40. Rf3 Ra2
41. Ke5 Kd7 42. Rd3 Ra5+ 43. c5 Bxc5 44. Bxc5+ Kc6 45. Kxe6 Rxc5 46. Rd4 Rc3
47. Rxb4 Re3+ 48. Kf7 Rxh3 49. f5 gxf5 50. gxf5 Rf3 51. f6 Kd6 52. Kg7 h5 53.
f7 Rg3+ 54. Kf8 h4 55. Rxh4 Rxb3 56. Rh6+ Ke5 57. Ke7 Rb8 58. Rc6 1-0